[Event "Titled Tue 3rd Jan Late"]
[Site "chess.com INT"]
[Date "2025.06.03"]
[Round "6"]
[White "Mendes Aaron Reeve"]
[Black "Nakamura,Hi"]
[Result "0-1"]
[WhiteElo "2335"]
[BlackElo "2804"]

1.Nf3 g6 2.d4 Nf6 3.c4 Bg7 4.Nc3 d6 5.e4 O-O 6.Be2 a5 7.O-O Na6 8.h3 e5 9.Be3 Re8
10.dxe5 dxe5 11.Qxd8 Rxd8 12.Nxe5 Re8 13.f4 Nd7 14.Nxd7 Bxd7 15.e5 f6 16.Bf3 c6
17.exf6 Bxf6 18.Bb6 Be6 19.Ne4 Bxb2 20.Rab1 Bf5 21.Rxb2 Bxe4 22.Bxa5 Nc5
23.Bd2 Bxf3 24.Rxf3 Re2 25.Re3 Re8 26.Rxe8+ Rxe8 27.Kf1 Re4 28.Rc2 Nd3 29.g3 c5
30.Rc3 Nb2 31.Be3 Nd1 32.Rb3 Nxe3+ 33.Ke2 Nxc4+ 34.Kd3 Rd4+ 35.Kc3 Nd6 36.Rb6 Ne4+
37.Kc2 c4 38.g4 Rd2+ 39.Kc1 c3 40.Rxb7 Nc5 41.Rc7 Nd3+ 42.Kb1 c2+ 43.Ka1 Rd1+  0-1

[Event "Titled Tue 3rd Jan Late"]
[Site "chess.com INT"]
[Date "2025.06.03"]
[Round "7"]
[White "Nakamura,Hi"]
[Black "Murzin,Volodar"]
[Result "1-0"]
[WhiteElo "2804"]
[BlackElo "2658"]

1.b3 e5 2.Bb2 Nc6 3.c4 g6 4.g3 Bg7 5.Bg2 Nge7 6.Nc3 O-O 7.e3 d6 8.Nge2 Bf5
9.d3 Qd7 10.h3 Be6 11.Nd5 Rae8 12.Qd2 Nd8 13.d4 c6 14.Nxe7+ Qxe7 15.d5 Bd7
16.dxc6 Bxc6 17.Bxc6 bxc6 18.O-O-O Nb7 19.Nc3 Rd8 20.Qc2 Nc5 21.Ne4 Nb7 22.Nc3 Rfe8
23.Kb1 e4 24.Na4 Bxb2 25.Qxb2 Nc5 26.Nxc5 dxc5 27.Qc3 Rd6 28.Rxd6 Qxd6 29.Qc2 Qe6
30.h4 Rd8 31.Rd1 Rxd1+ 32.Qxd1 Qf6 33.Qd2 h5 34.Kc2 Kh7 35.Kd1 Qf3+ 36.Kc1 Qf6
37.Kb1 Kg7 38.Kc2 Kh7 39.Kb1 Kg7 40.a3 Kh7 41.Ka2 Kg8 42.b4 cxb4 43.axb4 Kh7
44.Kb3 Qa1 45.Qb2 Qf1 46.Qc2 Kg8 47.Qxe4 Qxf2 48.b5 c5 49.Qe5 Qf1 50.Qxc5 Qb1+
51.Kc3 Qc1+ 52.Kd4 Qa1+ 53.Kd5 Qh1+ 54.Kd6 Qe4 55.Qd4  1-0

[Event "Titled Tue 3rd Jan Late"]
[Site "chess.com INT"]
[Date "2025.06.03"]
[Round "8"]
[White "Bluebaum,M"]
[Black "Nakamura,Hi"]
[Result "1-0"]
[WhiteElo "2660"]
[BlackElo "2804"]

1.d4 d5 2.c4 c6 3.Nf3 Nf6 4.Nc3 dxc4 5.e4 b5 6.Qc2 e6 7.Be2 Nbd7 8.O-O Bb7
9.b3 b4 10.e5 Nd5 11.Bg5 cxb3 12.axb3 Qc8 13.Nxd5 exd5 14.Bd3 c5 15.e6 Nf6
16.exf7+ Kxf7 17.Ne5+ Kg8 18.Bf5 Qe8 19.Rfe1 Ne4 20.Bxe4  1-0

[Event "Titled Tue 3rd Jan Late"]
[Site "chess.com INT"]
[Date "2025.06.03"]
[Round "9"]
[White "Nakamura,Hi"]
[Black "Terry,R"]
[Result "1-0"]
[WhiteElo "2804"]
[BlackElo "2508"]

1.b3 d5 2.Bb2 Bg4 3.c4 c6 4.g3 e6 5.Bg2 Nf6 6.h3 Bf5 7.Nf3 Nbd7 8.d3 h6 9.Nbd2 Bd6
10.d4 Ne4 11.O-O O-O 12.e3 a5 13.a3 Qe7 14.Qe2 Bh7 15.Rfc1 Rfe8 16.Nxe4 Bxe4
17.Bf1 Bh7 18.Nd2 Nf6 19.Bg2 Ne4 20.Nf3 Red8 21.c5 Bc7 22.b4 Qe8 23.Qe1 axb4
24.axb4 Rxa1 25.Rxa1 Ra8 26.Bf1 Qb8 27.Rxa8 Qxa8 28.Qa1 Qb8 29.Bg2 Bg6 30.Ne5 Bxe5
31.dxe5 Nd2 32.Bc3 Nc4 33.Bf1 Be4 34.Be2 b6 35.cxb6 Qxb6 36.h4 Kh7 37.h5 Nxe3
38.Qa5 Nc4 39.Qxb6 Nxb6 40.Ba6 Nc4 41.Bb7 d4 42.Bxd4 Bd5 43.Kf1 g5 44.Ke2 Na3
45.Bc8 Nb5 46.Bc5 Kg7 47.Ke3 Nc3 48.f3 Nd1+ 49.Ke2 Nc3+ 50.Kd3 Nb5 51.Ke3 Nc3
52.Bd4 Nb5 53.Bb6 Nc3 54.Bd8 Nb5 55.Be7 Kg8 56.Bd7 Nc3 57.g4 Nd1+ 58.Ke2 Nc3+
59.Kf2 Nd1+ 60.Kg3 Nc3 61.Bc5 Kg7 62.Be3 Ne2+ 63.Kf2 Nc3 64.Bd2 Nb5 65.f4 gxf4
66.Bxf4 Nc3 67.Bc8 Ne4+ 68.Ke3 Nc3 69.Ba6 Nb5 70.Kf2 Kh7 71.Be3 Kg7 72.Kg3 Nc3
73.Bd3 Be4 74.Bxe4 Nxe4+ 75.Kf3 Nc3 76.Bd2 Nd5 77.Ke4 f6 78.Kd4 fxe5+ 79.Kxe5  1-0

[Event "Titled Tue 3rd Jan Late"]
[Site "chess.com INT"]
[Date "2025.06.03"]
[Round "10"]
[White "Tang,Andrew"]
[Black "Nakamura,Hi"]
[Result "0-1"]
[WhiteElo "2529"]
[BlackElo "2804"]

1.d4 b6 2.c4 Bb7 3.Nc3 f5 4.h4 e6 5.h5 Nf6 6.Nf3 Bb4 7.Qc2 Ne4 8.Bf4 d6 9.g3 Nd7
10.Bg2 Qc8 11.h6 Bxc3+ 12.bxc3 g5 13.Be3 g4 14.Nh4 Ndf6 15.Bf4 Rg8 16.Rh2 Qd7
17.Bh1 O-O-O 18.O-O-O Bc6 19.Rg1 Ba4 20.Qd3 d5 21.f3 Nd6 22.cxd5 Bb5 23.Qc2 Nxd5
24.fxg4 fxg4 25.Bxd6 Qxd6 26.Bxd5 exd5 27.Qxh7 Qa3+ 28.Kb1 Qxc3 29.Nf5 Bd7
30.Ne7+ Kb8 31.Nxg8 Qb4+ 32.Ka1 Qxd4+ 33.Kb1 Qxg1+ 34.Kb2 Qxh2  0-1

[Event "Titled Tue 3rd Jan Late"]
[Site "chess.com INT"]
[Date "2025.06.03"]
[Round "11"]
[White "Deac,Bogdan-Daniel"]
[Black "Nakamura,Hi"]
[Result "0-1"]
[WhiteElo "2668"]
[BlackElo "2804"]

1.d4 b6 2.e4 Bb7 3.Bd3 e6 4.Nf3 d5 5.exd5 Qxd5 6.Qe2 Nf6 7.Bf4 Bd6 8.Nc3 Qh5
9.Ne5 Qxe2+ 10.Bxe2 a6 11.f3 Nbd7 12.Nd3 Bxf4 13.Nxf4 g5 14.Nd3 h6 15.h4 Rg8
16.hxg5 hxg5 17.Kf2 Rd8 18.Rad1 g4 19.Rh4 g3+ 20.Ke3 Ke7 21.Rdh1 Ne8 22.Nf4 Nd6
23.Bd3 c5 24.Nfe2 b5 25.a3 Nb6 26.Kd2 cxd4 27.Nxd4 Ndc4+ 28.Kc1 Ne3 29.Rg1 Rh8
30.Rxh8 Rxh8 31.Nde2 Rh2 32.Nxg3 Rxg2 33.Rxg2 Nxg2 34.Be4 Bxe4 35.Ngxe4 Nd7
36.Ne2 f5 37.Nd2 Kd6 38.c4 bxc4 39.Nxc4+ Kc5 40.Nd2 Ne5 41.b4+ Kd5 42.Nc3+ Kd4
43.Kc2 Ne1+ 44.Kb3 N1xf3 45.Nxf3+ Nxf3 46.a4 Nd2+ 47.Kc2 Ne4 48.b5 Nxc3 49.b6 Nd5
50.b7 Nb4+  0-1

[Event "13th Norway Chess 2025"]
[Site "Stavanger NOR"]
[Date "2025.06.03"]
[Round "8.3"]
[White "Nakamura,Hi"]
[Black "Gukesh,D"]
[Result "1-0"]
[WhiteElo "2804"]
[BlackElo "2787"]

1.e4 e5 2.Nf3 Nc6 3.d4 exd4 4.Nxd4 Nf6 5.Nc3 Bb4 6.Nxc6 bxc6 7.Bd3 O-O 8.O-O d5
9.exd5 Bg4 10.f3 Bh5 11.Bg5 cxd5 12.Bxf6 Qxf6 13.Nxd5 Qxb2 14.Rb1 Bc5+ 15.Kh1 Qe5
16.Re1 Qd6 17.Ne7+ Kh8 18.Qe2 Rab8 19.Qe4 Bg6 20.Nxg6+ fxg6 21.Rxb8 Rxb8
22.g3 Rf8 23.Kg2 Bb6 24.h4 Qc5 25.f4 Qf5 26.Qc4 Qf6 27.Re5 Qd6 28.c3 Qa3
29.Kh3 Qd6 30.Kg2 Qa3 31.Kh3 Qd6 32.Qe4 Bc5 33.Kg2 Qb6 34.Kh3 Qd6 35.h5 Qd7+
36.Kg2 Bd6 37.Re6 Rf6 38.Re8+ Bf8 39.Qa8 Qd6 40.Rd8 Qe7 41.hxg6 hxg6 42.Qc8 Qc5
43.Be4 g5 44.fxg5 Qf2+ 45.Kh3 Rf7 46.g6 Rf6 47.Qg4 Qf1+ 48.Bg2 Qc1 49.Qh4+ Qh6
50.Bd5  1-0

[Event "13th Norway Chess 2025"]
[Site "Stavanger NOR"]
[Date "2025.06.05"]
[Round "9.1"]
[White "Nakamura,Hi"]
[Black "Erigaisi,Arjun"]
[Result "1/2-1/2"]
[WhiteElo "2804"]
[BlackElo "2782"]

1.e4 c5 2.Nf3 e6 3.c3 d5 4.exd5 Qxd5 5.d4 Nf6 6.Na3 Nc6 7.Be3 cxd4 8.Nb5 Qd7
9.Nbxd4 Be7 10.Bd3 Nd5 11.Qc2 Nxe3 12.fxe3 Qc7 13.Nxc6 bxc6 14.O-O-O Bd7
15.g4 Rb8 16.h4 h6 17.Rhf1 c5 18.Bc4 Rb6 19.Qf2 Rd6 20.Rde1 Rb6 21.Rd1 Rd6
22.Rde1 Rb6 23.Rd1  1/2-1/2

[Event "13th Norway Armageddon"]
[Site "Stavanger NOR"]
[Date "2025.06.06"]
[Round "10.3"]
[White "Wei Yi"]
[Black "Nakamura,Hi"]
[Result "1-0"]
[WhiteElo "2758"]
[BlackElo "2804"]

1.e4 e5 2.Bc4 Nf6 3.d3 c6 4.Nf3 d5 5.Bb3 a5 6.a4 Bb4+ 7.c3 Bd6 8.exd5 cxd5
9.Bg5 Be6 10.Na3 Nc6 11.Nb5 Bb8 12.Qe2 h6 13.Bh4 O-O 14.O-O-O Re8 15.Rhe1 d4
16.Qc2 dxc3 17.bxc3 Bxb3 18.Qxb3 Qd5 19.Kb2 Qxb3+ 20.Kxb3 g5 21.Bg3 e4 22.dxe4 Nxe4
23.Bc7 Re6 24.Ne5 Nc5+ 25.Kc2 Nxa4 26.Nxc6 bxc6 27.Rd8+ Kh7 28.Rxe6 fxe6
29.Nd4 Bxc7 30.Rxa8 Bxh2 31.Rxa5 Nb6 32.Ra7+ Kg6 33.Ra6 Nd5 34.Rxc6  1-0

[Event "13th Norway Chess 2025"]
[Site "Stavanger NOR"]
[Date "2025.06.06"]
[Round "10.3"]
[White "Wei Yi"]
[Black "Nakamura,Hi"]
[Result "1/2-1/2"]
[WhiteElo "2758"]
[BlackElo "2804"]

1.e4 e5 2.Nf3 Nc6 3.Bc4 Nf6 4.d3 Be7 5.O-O O-O 6.Re1 d6 7.a4 Be6 8.Nbd2 a5
9.c3 Bxc4 10.Nxc4 h6 11.h3 Re8 12.Ne3 Qd7 13.Nh2 d5 14.Qf3 Rad8 15.Nf5 Kh7
16.Ng4 Nxg4 17.hxg4 f6 18.g3 Bc5 19.Kg2 dxe4 20.dxe4 Qd3 21.Be3 Bxe3 22.Nxe3 Ne7
23.Rad1 Qa6 24.Nd5 Nxd5 25.exd5 Qc4 26.Qf5+ Kg8 27.Qg6 Re7 28.Re4 Qc5 29.Rh1 Kf8
30.g5 fxg5 31.Rxh6 gxh6 32.Qxh6+ Ke8 33.Qg6+ Kd7 34.Qf5+ Kd6 35.Qf6+ Kd7
36.Qf5+ Kd6 37.Qf6+ Kd7 38.Qf5+ Kd6  1/2-1/2

[Event "Titled Tue 10th Jun Early"]
[Site "chess.com INT"]
[Date "2025.06.10"]
[Round "1"]
[White "Nakamura,Hi"]
[Black "Nguyen,Dinh Trung"]
[Result "1-0"]
[WhiteElo "2804"]
[BlackElo "2002"]

1.b3 d5 2.Bb2 c6 3.d3 Bf5 4.Nd2 Nf6 5.g3 Nbd7 6.Bg2 e5 7.e4 Bg6 8.Qe2 Bd6
9.f4 dxe4 10.dxe4 h6 11.Nc4 Bb4+ 12.c3 Bc5 13.fxe5 Nh7 14.Nf3 O-O 15.O-O-O Qc7
16.Bh3 Rad8 17.e6 fxe6 18.Bxe6+ Kh8 19.Nh4 Rf6 20.Nxg6+ Rxg6 21.Bxd7 Rxd7
22.Rxd7 Qxd7 23.Ne5 Qe6 24.Nxg6+ Qxg6 25.Kb1 Nf6 26.Re1 Kh7 27.Qc2 Ng4 28.e5 Qxc2+
29.Kxc2 Nxh2 30.e6 Nf3 31.Re2 Be7 32.Ba3 Bxa3 33.b4  1-0

[Event "Titled Tue 10th Jun Late"]
[Site "chess.com INT"]
[Date "2025.06.10"]
[Round "1"]
[White "Nakamura,Hi"]
[Black "Martinez Fernandez,Adrian"]
[Result "1-0"]
[WhiteElo "2804"]
[BlackElo "2404"]

1.b3 d5 2.Bb2 Nf6 3.d3 c5 4.Nd2 Nc6 5.Ngf3 g6 6.Ne5 Qc7 7.Nxc6 Qxc6 8.g3 Bg7
9.Bg2 O-O 10.c4 e6 11.Rc1 b6 12.cxd5 exd5 13.d4 Re8 14.O-O Ba6 15.Re1 Rac8
16.dxc5 bxc5 17.e3 Bd3 18.Nb1 Be4 19.Bh3 Rcd8 20.Bd4 Nd7 21.Bxg7 Kxg7 22.Nd2 Ne5
23.Bf1 Qf6 24.f4 Nd3 25.Bxd3 Bxd3 26.Rxc5 d4 27.e4 Qb6 28.Qc1 f5 29.Rc7+ Kh6
30.e5 Ba6 31.Qc6 d3+ 32.Qxb6 axb6 33.Kf2 Rc8 34.Rec1 Rxc7 35.Rxc7  1-0

[Event "Titled Tue 10th Jun Early"]
[Site "chess.com INT"]
[Date "2025.06.10"]
[Round "2"]
[White "Heimann,Al"]
[Black "Nakamura,Hi"]
[Result "0-1"]
[WhiteElo "2238"]
[BlackElo "2804"]

1.Nf3 g6 2.c4 Bg7 3.g3 d6 4.Bg2 Bd7 5.O-O Qc8 6.d4 Nc6 7.d5 Ne5 8.Nxe5 Bxe5
9.Nd2 Bg7 10.Rb1 h5 11.h4 g5 12.Nf3 gxh4 13.Nxh4 Bf6 14.Bf4 Nh6 15.Nf3 h4
16.e4 hxg3 17.fxg3 Bh3 18.Qd2 Ng8 19.e5 dxe5 20.Nxe5 Bxg2 21.Qxg2 Qh3 22.Qxh3 Rxh3
23.Ng4 Kd7 24.Kg2 Rh7 25.b3 Rg7 26.Ne3 Rg6 27.Nf5 Bc3 28.Rbd1 b6 29.Rf3 Bb4
30.Nd4 Nf6 31.Nc6 Bd6 32.Re1 Re8 33.Bxd6 cxd6 34.Rfe3 e5 35.a4 Nh5 36.Rf1 f6
37.Rf5 Ng7 38.Rf2 a5 39.Ref3 f5 40.Kf1 Rh8 41.b4 axb4 42.Rb3 Kc7 43.Rff3 e4
44.Rfe3 Nh5 45.Nxb4 Rhg8 46.a5 Nxg3+ 47.Ke1 f4 48.axb6+ Kxb6 49.Rec3 Nf5
50.c5+ dxc5 51.Nc6+ Kc7 52.Rxc5 Rg1+ 53.Kd2 R8g2+ 54.Kc3 Rc1+ 55.Kb4 Rxc5
56.Kxc5 Rc2+ 57.Kb5 Rxc6 58.dxc6 Nd4+  0-1

[Event "Titled Tue 10th Jun Late"]
[Site "chess.com INT"]
[Date "2025.06.10"]
[Round "2"]
[White "Martinovici,Ilia"]
[Black "Nakamura,Hi"]
[Result "0-1"]
[WhiteElo "2452"]
[BlackElo "2804"]

1.d4 g6 2.c4 d6 3.e4 Bg7 4.Ne2 c5 5.Nbc3 Nc6 6.Be3 b6 7.f3 Nf6 8.d5 Na5 9.Ng3 a6
10.Be2 h5 11.O-O h4 12.Nh1 Nh5 13.Nf2 f5 14.f4 Rb8 15.a4 Qc7 16.Rc1 Nf6 17.Bd3 Bd7
18.exf5 Bxf5 19.Kh1 Qd7 20.b3 Bxd3 21.Nxd3 h3 22.g3 Ng4 23.Bg1 Qf5 24.Re1 Nxb3
25.Ne4 O-O 26.Qxb3 b5 27.axb5 axb5 28.cxb5 Rb7 29.Ng5 Rfb8 30.Qc4 Bf6 31.Qe4 Rxb5
32.Qxf5 gxf5 33.Nxh3 Rb3 34.Nhf2 Nh6 35.Kg2 Kf7 36.Re2 Ra8 37.Ne1 Ra4 38.Nf3 c4
39.Rec2 c3 40.Nd1 Rc4 41.Bf2 Ng4 42.Ne3 Nxe3+ 43.Bxe3 Rb5 44.Rd1 Rb2 45.Ne1 Ra4
46.Kf3 Raa2 47.Rdc1 Ra5 48.Rxb2 cxb2 49.Rb1 Ra1 50.Rxb2 Bxb2 51.Nd3 Bf6 52.h3 Ra5
53.g4 Rxd5 54.Nf2 Bd4 55.Bxd4 Rxd4 56.gxf5 Kf6 57.Ng4+ Kxf5 58.Ne3+ Kg6 59.Kg4 e5
60.Ng2 Kf6 61.Kf3 Rd3+ 62.Ke4 Rxh3 63.fxe5+ dxe5 64.Ne3 Ke6 65.Ng4 Rh4 66.Kf3 Rxg4
67.Kxg4 Kd5 68.Kf3 Kd4 69.Kf2 Kd3  0-1

[Event "Titled Tue 10th Jun Late"]
[Site "chess.com INT"]
[Date "2025.06.10"]
[Round "3"]
[White "Nakamura,Hi"]
[Black "Kaasen,Tor Fredrik"]
[Result "1-0"]
[WhiteElo "2804"]
[BlackElo "2470"]

1.b3 d5 2.Bb2 Bf5 3.d3 e6 4.Nd2 Nf6 5.g3 h6 6.Bg2 Bh7 7.Nh3 Be7 8.e4 O-O
9.Qe2 c5 10.Nf4 Nc6 11.O-O Rc8 12.Rac1 dxe4 13.dxe4 Nd4 14.Qd1 e5 15.Nd3 Qc7
16.c3 Nc6 17.Qe2 b5 18.Rfd1 Rfd8 19.Ne1 Na5 20.Qxb5 c4 21.b4 Nb7 22.Bh3 Nd6
23.Qxe5 Ndxe4 24.Qxc7 Rxc7 25.Nxe4 Nxe4 26.Nc2 Rd3 27.Ne1 Rxd1 28.Rxd1 Bf6
29.f3 Ng5 30.Bf1 Bf5 31.h4 Ne6 32.Ng2 Nd8 33.Ne3 Be6 34.Nd5 Rc8 35.Nxf6+ gxf6
36.b5 Nb7 37.Ba3 Nc5 38.Bxc5 Rxc5 39.a4 a6 40.Rd8+ Kg7 41.b6 Bd5 42.f4 f5
43.Bg2  1-0

[Event "Titled Tue 10th Jun Early"]
[Site "chess.com INT"]
[Date "2025.06.10"]
[Round "3"]
[White "Nakamura,Hi"]
[Black "Alonso Rosell,A"]
[Result "1-0"]
[WhiteElo "2804"]
[BlackElo "2536"]

1.b3 Nf6 2.Bb2 g6 3.e3 Bg7 4.d4 c5 5.dxc5 Qa5+ 6.Nd2 Qxc5 7.c4 O-O 8.Ne2 b6
9.Nf4 Bb7 10.Be2 Qc7 11.Bf3 d6 12.Rc1 Nbd7 13.O-O Bxf3 14.Qxf3 e6 15.Rfd1 Rfd8
16.Nb1 Rac8 17.Nc3 a6 18.Qe2 Qb7 19.Rxd6 Nc5 20.Rxd8+ Rxd8 21.Rd1 Rc8 22.Nd3 Ncd7
23.Ne1 h5 24.h3 g5 25.Nb1 g4 26.hxg4 hxg4 27.Nd2 g3 28.fxg3 b5 29.Nd3 Qb8
30.Qf3 Nh7 31.Bxg7 Kxg7 32.Qg4+ Kh8 33.Qf4 Ndf6 34.Ne5 Kg7 35.Ne4 Rd8 36.Rf1 Nxe4
37.Qxf7+  1-0

[Event "Titled Tue 10th Jun Early"]
[Site "chess.com INT"]
[Date "2025.06.10"]
[Round "4"]
[White "Materia,Marco"]
[Black "Nakamura,Hi"]
[Result "1-0"]
[WhiteElo "2489"]
[BlackElo "2804"]

1.Nf3 g6 2.c4 Bg7 3.Nc3 d6 4.d4 Nf6 5.Bg5 h6 6.Bh4 c5 7.e3 b6 8.Be2 Bb7 9.O-O Nbd7
10.d5 a6 11.a4 O-O 12.Nd2 Qc7 13.Qc2 Rae8 14.a5 bxa5 15.Nb3 Rb8 16.Nxa5 Ba8
17.Ra2 Rb4 18.f4 Rfb8 19.b3 Nf8 20.Be1 e6 21.dxe6 Nxe6 22.f5 Nf8 23.fxg6 fxg6
24.Bf3 Bxf3 25.Rxf3 N8d7 26.Ne4 R4b6 27.Nxf6+ Nxf6 28.Qxg6 Qf7 29.Qxf7+ Kxf7
30.Bc3 Kg6 31.Rg3+ Kh7 32.Rf2 Rf8 33.Rgf3 Kg6 34.Rg3+ Kh7 35.e4 Rbb8 36.Rf4 Rbe8
37.Nb7 Nh5 38.Rxf8 Bxf8 39.Re3 Nf4 40.g3 Ne6 41.e5 Nd4 42.b4 Nc2 43.Rf3 cxb4
44.exd6 bxc3 45.d7 Rb8 46.d8=Q Rxd8 47.Nxd8 Bb4 48.Ne6 Ne1 49.Rf7+ Kg6 50.Rb7 c2
51.Nf4+ Kf5 52.Ne2 a5 53.Kf1 Nd3 54.Nd4+ Ke4 55.Nxc2 Bd6 56.Ke2 a4 57.Rb6 Bc5
58.Rxh6 a3 59.Rh4+  1-0

[Event "Titled Tue 10th Jun Late"]
[Site "chess.com INT"]
[Date "2025.06.10"]
[Round "4"]
[White "Martinez Alcantara,Jose Eduardo"]
[Black "Nakamura,Hi"]
[Result "0-1"]
[WhiteElo "2611"]
[BlackElo "2804"]

1.c4 e5 2.Nc3 Nf6 3.d3 Nc6 4.Nf3 Bb4 5.Bd2 O-O 6.e3 Re8 7.Be2 Bf8 8.O-O d6
9.a3 g6 10.b4 Bg7 11.Rc1 h6 12.Nd5 Ne7 13.Nxf6+ Bxf6 14.Bc3 Bg7 15.b5 Kh7
16.a4 Be6 17.Qc2 f5 18.c5 Nd5 19.Ba1 a5 20.g3 Nb4 21.Qd1 Bf7 22.d4 e4 23.Ne1 d5
24.Bc3 Na2 25.Rc2 Nxc3 26.Rxc3 Qe7 27.Ng2 Rad8 28.Qd2 h5 29.Rc2 Ra8 30.b6 c6
31.h4 Bf6 32.Kh2 Kg7 33.Rh1 Rh8 34.Kg1 Rh6 35.Kf1 Qe8 36.Ke1 Qe7 37.Kd1 Qe8
38.Kc1 Qe7 39.Kb1 Be6 40.Ka2 Bf7 41.Rcc1 Rhh8 42.Rh2 Rhe8 43.Ne1 Qd7 44.Nc2 Qe7
45.Na1 f4 46.gxf4 Bxh4 47.Rg1 Rh8 48.Nb3 Bf6 49.Rxh5 Qf8 50.Rhh1 Qc8 51.Bg4 Qd8
52.Ka3 Be7 53.Kb2 Bf6 54.Bd1 Qe7 55.Qc3 Bh4 56.Rf1 Bf6 57.Nxa5 Rhd8 58.Rfg1 Rh8
59.Rxh8 Rxh8 60.Nb3 Rh2 61.Qd2 Bh4 62.Rf1 Be6 63.Ka3 Bh3 64.Re1 Rxf2 65.Re2 Rf1
66.Rh2 Qe6 67.a5 Be1 68.Qc2 Bg3 69.Rd2 Qc8 70.Be2 Rh1 71.Rd1 Rh2 72.Rd2 Be1
73.Rd1 Bg3 74.Rg1 Bf2 75.Rd1 Bxe3 76.Re1 Bxf4 77.Qc3 Bf5 78.a6 bxa6 79.Ka4 Rh3
80.Qb4 e3 81.Na5 Bc2+ 82.Ka3 Rh2 83.b7 Qc7 84.Rf1 Rf2 85.Rh1 Rxe2 86.Qb6 Rd2
87.Qxc7+ Bxc7 88.Nxc6 e2  0-1

[Event "Titled Tue 10th Jun Early"]
[Site "chess.com INT"]
[Date "2025.06.10"]
[Round "5"]
[White "Nakamura,Hi"]
[Black "Rosen,E"]
[Result "1-0"]
[WhiteElo "2804"]
[BlackElo "2377"]

1.b3 e5 2.Bb2 Nc6 3.c4 Nge7 4.e3 d5 5.cxd5 Nxd5 6.a3 Bd6 7.Qc2 Nb6 8.Nf3 Qe7
9.d3 O-O 10.g3 f5 11.Nbd2 e4 12.Nh4 f4 13.Nxe4 fxe3 14.fxe3 Bg4 15.Be2 Be6
16.Rf1 Nd5 17.Qd2 a5 18.Ng2 Nb6 19.Nxd6 Qxd6 20.Rxf8+ Rxf8 21.Nf4 Bf7 22.Qc3 Qh6
23.Bf3 Re8 24.Kf2 Qxh2+ 25.Bg2 Ne5 26.Rh1 Ng4+ 27.Ke2 Rxe3+ 28.Kd2 Qxg2+
29.Nxg2 Re5 30.Qxc7 Nd5 31.Qxe5 Nxe5 32.Bxe5  1-0

[Event "Titled Tue 10th Jun Late"]
[Site "chess.com INT"]
[Date "2025.06.10"]
[Round "5"]
[White "Nakamura,Hi"]
[Black "Bortnyk,Olexandr"]
[Result "1-0"]
[WhiteElo "2804"]
[BlackElo "2601"]

1.d4 Nf6 2.Bg5 b6 3.c4 Bb7 4.f3 h6 5.Bh4 g5 6.Bf2 Bg7 7.e4 d6 8.Nc3 c5 9.d5 Na6
10.Nge2 Bc8 11.h4 g4 12.h5 Nc7 13.f4 b5 14.cxb5 a6 15.a4 axb5 16.axb5 Rb8
17.Ng3 O-O 18.Bc4 Bd7 19.Qe2 e6 20.dxe6 Nxe6 21.Be3 Nd4 22.Qd3 Re8 23.O-O Nxh5
24.Nxh5 Qh4 25.Nxg7 g3 26.Rfd1 Qh2+ 27.Kf1 Bh3 28.Rd2 Qh1+ 29.Bg1 Ra8 30.Rad1 Bg4
31.Qxg3 Bxd1 32.Nxe8+ Kf8 33.Qg7+ Kxe8 34.Rxd1  1-0

[Event "Titled Tue 10th Jun Early"]
[Site "chess.com INT"]
[Date "2025.06.10"]
[Round "6"]
[White "Zhigalko,S"]
[Black "Nakamura,Hi"]
[Result "0-1"]
[WhiteElo "2572"]
[BlackElo "2804"]

1.e4 c5 2.c3 d5 3.exd5 Qxd5 4.d4 g6 5.Nf3 Bg7 6.Na3 cxd4 7.Bc4 Qe4+ 8.Be3 Nh6
9.Nb5 O-O 10.cxd4 Nf5 11.Qe2 a6 12.Nc3 Qc6 13.O-O Nd7 14.Rac1 Qb6 15.Rfd1 Qd8
16.Bf4 b5 17.Bd5 Ra7 18.Be4 Nf6 19.Bb8 Rd7 20.Bxf5 gxf5 21.Ne5 Rb7 22.Nc6 Qe8
23.d5 b4 24.Na4 Rxb8 25.Nxb8 Qxa4 26.Qxe7 Qb5 27.Nc6 Re8 28.Qd6 Ne4 29.Ne7+ Kh8
30.Nxc8 Nxd6 31.Nxd6 Qd7 32.Nxe8 Qxe8 33.d6 Bf6 34.d7 Qf8 35.Rc8 Bd8 36.Re1 Kg7
37.g3 f4 38.gxf4 h5 39.Re8 Qd6 40.Rcxd8 Qd1+ 41.Kg2 Qg4+ 42.Kf1 Qd1+ 43.Re1 Qd3+
44.Kg1 Kf6 45.Re3 Qd1+ 46.Kg2 h4 47.h3 Qd5+ 48.Rf3 Kg7 49.b3 a5  0-1

[Event "Titled Tue 10th Jun Late"]
[Site "chess.com INT"]
[Date "2025.06.10"]
[Round "6"]
[White "Sjugirov,S"]
[Black "Nakamura,Hi"]
[Result "0-1"]
[WhiteElo "2635"]
[BlackElo "2804"]

1.c4 e5 2.Nc3 Nf6 3.Nf3 Nc6 4.e4 Bb4 5.d3 d6 6.Be2 a6 7.O-O h6 8.Kh1 Bc5
9.Be3 Ng4 10.Bxc5 dxc5 11.Nd5 Nf6 12.Nd2 Nd4 13.f4 c6 14.Ne3 Nd7 15.g3 O-O
16.Nb3 Nxb3 17.Qxb3 Re8 18.Qc3 Nf8 19.Bh5 g6 20.Bg4 h5 21.Bxc8 Rxc8 22.f5 Nh7
23.Rf2 Rc7 24.Raf1 Rd7 25.Rd1 Qg5 26.Qe1 Red8 27.Qe2 Rd6 28.Rf3 Nf6 29.fxg6 fxg6
30.Ng2 Ne8 31.Rdf1 Ng7 32.Nh4 Qg4 33.Qd2 Qxe4 34.dxe4 Rxd2 35.Nxg6 Rxb2 36.Nxe5 Rdd2
37.Rf7 Kh7 38.Nf3 Re2 39.Rd1 Kg8 40.Rf6 Rxe4  0-1

[Event "Titled Tue 10th Jun Early"]
[Site "chess.com INT"]
[Date "2025.06.10"]
[Round "7"]
[White "Nakamura,Hi"]
[Black "Xue,Haowen"]
[Result "1-0"]
[WhiteElo "2804"]
[BlackElo "2518"]

1.b3 Nf6 2.Bb2 g6 3.d4 Bg7 4.Nf3 b6 5.g3 Bb7 6.Bg2 c5 7.d5 O-O 8.c4 e6 9.O-O exd5
10.Ne1 d6 11.cxd5 b5 12.Nc2 Nbd7 13.e4 Re8 14.Re1 Qb6 15.Nd2 Re7 16.a4 a6
17.axb5 axb5 18.Rxa8+ Bxa8 19.Qa1 Bb7 20.b4 Ne5 21.bxc5 Qxc5 22.Ne3 Nd3 23.Bxf6 Nxe1
24.Bxg7 Nxg2 25.Bh6 f5 26.Qf6  1-0

[Event "Titled Tue 10th Jun Early"]
[Site "chess.com INT"]
[Date "2025.06.10"]
[Round "8"]
[White "Nakamura,Hi"]
[Black "Pranesh,M"]
[Result "1-0"]
[WhiteElo "2804"]
[BlackElo "2580"]

1.d4 Nc6 2.d5 Ne5 3.e4 e6 4.Nc3 Nf6 5.Bf4 d6 6.Bb5+ Bd7 7.dxe6 fxe6 8.Bxe5 dxe5
9.Bxd7+ Nxd7 10.a3 Bc5 11.Qg4 Qf6 12.Nf3 O-O-O 13.Rd1 Bd4 14.Nxd4 exd4 15.Ne2 Ne5
16.Qg3 Nc4 17.Qb3 Na5 18.Qa4 Nc6 19.b4 a6 20.b5 axb5 21.Qxb5 Qg6 22.Ng3 e5
23.O-O h5 24.Nf5 Qf6 25.Rb1 g6 26.Qxb7+ Kd7 27.Ng3 h4 28.Ne2 h3 29.f4 hxg2
30.Kxg2 Qh4 31.Rg1 Qg4+ 32.Kf1 Qf3+ 33.Ke1 Rxh2 34.Qb5 Qe3 35.Rf1 Rb8 36.Qd5+ Ke7
37.Qc5+ Kf7 38.Qc4+ Kg7 39.Rxb8 Nxb8 40.fxe5 Nd7 41.Qf7+ Kh6 42.Qf4+ Qxf4
43.Rxf4 Nxe5 44.Nxd4 c5 45.Ne6 g5 46.Rf6+ Kh5 47.Rf5 Ng4 48.Rxg5+ Kh4 49.Rxc5 Ne3
50.Nd4 Kg4 51.e5 Kf4 52.e6 Rh1+ 53.Kd2 Rh2+ 54.Kd3 Rh7 55.Ne2+ Kf3 56.Re5 Ng2
57.Nd4+ Kg4 58.e7 Nf4+ 59.Kd2 Rh2+ 60.Ne2 Rh8 61.e8=Q Rxe8 62.Rxe8  1-0

[Event "Titled Tue 10th Jun Late"]
[Site "chess.com INT"]
[Date "2025.06.10"]
[Round "8"]
[White "Carlsen,M"]
[Black "Nakamura,Hi"]
[Result "0-1"]
[WhiteElo "2837"]
[BlackElo "2804"]

1.c4 e5 2.g3 Nf6 3.Bg2 c6 4.d4 exd4 5.Qxd4 d5 6.Nf3 Be6 7.O-O dxc4 8.Qxd8+ Kxd8
9.Ng5 Nbd7 10.Nd2 Nb6 11.Nxe6+ fxe6 12.Nf3 Bc5 13.Ng5 Kd7 14.Bh3 Rae8 15.Rd1+ Nbd5
16.e4 h6 17.exd5 hxg5 18.dxe6+ Kc7 19.Bf5 Nd5 20.Bxg5 Rhf8 21.g4 g6 22.Bxg6 Rxe6
23.Bf5 Re2 24.Rd2 Bxf2+ 25.Kg2 Rxd2 26.Bxd2 Be3 27.Be1 Bd4 28.Bg3+ Kb6 29.Re1 Ne3+
30.Rxe3 Bxe3 31.Be5 Kc5 32.Kf3 Bd4 33.Kf4 b5 34.h4 b4 35.Ke4 Re8  0-1

[Event "Titled Tue 10th Jun Early"]
[Site "chess.com INT"]
[Date "2025.06.10"]
[Round "9"]
[White "Mitrabha,G"]
[Black "Nakamura,Hi"]
[Result "0-1"]
[WhiteElo "2515"]
[BlackElo "2804"]

1.Nf3 d5 2.c4 d4 3.g3 c5 4.Bg2 Nc6 5.O-O e5 6.d3 Nf6 7.e3 Nd7 8.Na3 Be7 9.Nc2 O-O
10.exd4 cxd4 11.b3 a5 12.Rb1 Re8 13.Re1 Bb4 14.Re2 Nc5 15.a3 Bc3 16.b4 axb4
17.axb4 Nd7 18.b5 Ncb8 19.Nb4 Bxb4 20.Rxb4 f6 21.Ra4 Rxa4 22.Qxa4 Nc5 23.Qa7 Nxd3
24.Ba3 Be6 25.Nd2 Nd7 26.Be4 Qa8 27.b6 N3c5 28.f4 Qxa7 29.bxa7 Ra8 30.fxe5 fxe5
31.Bf3 Rxa7 32.Bxc5 Nxc5 33.Rxe5 b6 34.Ne4 Ra1+ 35.Kg2 Ra2+ 36.Kg1 Ra1+ 37.Kg2 Kf7
38.Nxc5 bxc5 39.Rxc5 d3 40.Rc7+ Kf6 41.Rc6 Ke5 42.Rc5+ Kd4 43.Rc6 Bxc4 44.Rc7 d2
45.Rxg7 Kc3 46.Rd7 Bd3 47.Kf2 d1=Q 48.Bxd1 Rxd1 49.g4 Rd2+ 50.Kg3 Re2 51.h4 Re1
52.h5 Kd2 53.Kf4 Rf1+ 54.Kg3 Ke3 55.g5 Be4 56.g6 hxg6 57.hxg6 Rg1+ 58.Kh4 Kf4
59.Rf7+ Bf5  0-1

[Event "Titled Tue 10th Jun Late"]
[Site "chess.com INT"]
[Date "2025.06.10"]
[Round "9"]
[White "Nakamura,Hi"]
[Black "Lazavik,Denis"]
[Result "1/2-1/2"]
[WhiteElo "2804"]
[BlackElo "2580"]

1.e4 e5 2.Nf3 Nc6 3.Nc3 Nf6 4.d4 exd4 5.Nxd4 Bb4 6.Nxc6 bxc6 7.Bd3 O-O 8.O-O d5
9.exd5 cxd5 10.h3 c6 11.Qf3 Bd6 12.Bf4 Rb8 13.b3 Qc7 14.Bxd6 Qxd6 15.Rad1 Re8
16.Rfe1 Bd7 17.Ne2 c5 18.Qf4 Qxf4 19.Nxf4 g6 20.h4 Kg7 21.c3 a5 22.Bc2 Bc6
23.Rxe8 Rxe8 24.f3 h5 25.Kf2 Rb8 26.Rb1 Kf8 27.Ke3 Ke7 28.a3 Kd6 29.Kd2 Nd7
30.b4 axb4 31.axb4 Ra8 32.Nd3 cxb4 33.Rxb4 Nf8 34.g4 Ne6 35.gxh5 gxh5 36.Nf4 Rh8
37.Ke3 Ke5 38.Nxe6 fxe6 39.Rb6 Rc8 40.f4+ Kd6 41.Kd4 Rf8 42.Ke3 Kc5 43.Ra6 Rg8
44.Bd1 Rg3+ 45.Kd2 Rh3 46.Bxh5 Rxh4 47.Bf7 Rxf4 48.Bxe6 d4 49.cxd4+ Rxd4+
50.Kc3 Rd6 51.Bb3 Bb5 52.Rxd6 Kxd6  1/2-1/2

[Event "Titled Tue 10th Jun Early"]
[Site "chess.com INT"]
[Date "2025.06.10"]
[Round "10"]
[White "Nakamura,Hi"]
[Black "Niemann,Hans Moke"]
[Result "0-1"]
[WhiteElo "2804"]
[BlackElo "2736"]

1.e4 e5 2.Bc4 Nf6 3.d3 Bc5 4.Nf3 d6 5.Nbd2 c6 6.Bb3 O-O 7.Qe2 Re8 8.h3 a5
9.c3 a4 10.Bc2 d5 11.Nf1 b6 12.Ng3 dxe4 13.dxe4 Ba6 14.Qd2 Qc7 15.Nf5 Bf8
16.Qg5 Kh8 17.Qh4 Nbd7 18.Bg5 Ng8 19.O-O-O Nc5 20.Be3 f6 21.Nh2 Qf7 22.Bxc5 Bxc5
23.Kb1 Bc4 24.a3 Ba2+ 25.Ka1 Bb3 26.Nd6 Qf8 27.Nxe8 Bxc2 28.Nc7 Bxd1 29.Rxd1 Rd8
30.Qg4 Rxd1+ 31.Qxd1 Qc8 32.Qxa4 Qxc7 33.f3 Qd7 34.Qc2 Ne7 35.Nf1 Ng6 36.Nd2 Nf4
37.Nc4 b5 38.Na5 Bb6 39.Nb3 Qe6 40.Nd2 Nxg2 41.c4 Ne3 42.Qd3 Nxc4  0-1